| 000 | 00642nam a2200205Ia 4500 | ||
|---|---|---|---|
| 005 | 20220929141742.0 | ||
| 008 | 131103s9999 xx 000 0 und d | ||
| 020 |
_a81-86946-61-6 _cRs. 80 |
||
| 040 | _aLoreto College | ||
| 041 | _aEnglish | ||
| 082 |
_a821.7 _bCOL-CHA |
||
| 245 |
_aColeridge o tar kobita _cedited by Biswanath Chattopadhyay and Pradipranjan Sengupta |
||
| 260 |
_aKolkata _bSahityalok _c2001 |
||
| 300 | _a138p, 21.5cm | ||
| 504 | _aIncludes bibliographical references. | ||
| 650 | _aColeridge, Samuel Taylor-Criticism and Interpretation | ||
| 700 | _aChattopadhyay, Biswanath ed. | ||
| 850 | _aLCLIB | ||
| 942 | _cBK | ||
| 999 |
_c2020 _d52499 |
||